[Event "RUS-ch Blitz Women 2018"]
[Site "Sochi"]
[Date "2018.10.07"]
[Round "15"]
[White "Shaydullina, Sandugach"]
[Black "Shuvalova, Polina"]
[Result "1-0"]
[WhiteElo "2033"]
[BlackElo "2421"]
[Annotator "TA"]
[PlyCount "224"]
[EventDate "2018.10.07"]
[EventType "swiss"]
[EventCountry "RUS"]
[SourceTitle "playchess.com"]
[Source "ChessBase"]
[SourceQuality "1"]

{[%evp 25,224,0,10,10,13,10,11,-16,0,-14,-24,-27,-29,-28,-23,-16,-19,-41,-39,-19,-25,-40,-33,-29,-35,-47,0,-50,-21,-60,0,-13,-14,-19,0,0,0,0,0,0,0,0,0,-19,0,-28,0,-44,-71,-112,-79,-69,-57,-75,-36,-114,-46,-54,-44,-46,-50,-67,-57,-98,-109,-98,-112,-140,-115,-114,-20,-15,-21,-15,0,-17,0,-25,0,-9,-14,-21,-21,-41,-34,-35,-39,-67,-66,-117,-102,-123,-112,-131,0,-119,0,-146,-147,-145,-111,-86,-37,-298,-286,-386,-387,-358,-318,-355,-110,-139,-90,-74,-39,-306,-150,-166,-65,-64,-68,-382,-396,-396,-384,-483,-389,-379,-362,-372,-378,-378,29999,-29981,-29982,-29985,-29986,-29992,-29983,-5122,-4782,-29992,-29989,-29988,-29989,-29994,-29985,-29986,-29982,-29982,-29983,-29983,-29980,-29984,-29982,-29991,-29992,-29994,-29988,-29988,-29987,-29986,-29971,-29972,-29973,-29973,-29972,-29972,-29973,-29973,-29974,-29976,-29977,-29977,-29978,-29979,-29978,-29978,-2620,-29977,-29979,-29980,-29981,-29980,-29981,-29985,-29985,-29985,-29986,-29986,-29987,-29987,-29988,-29990,-29990,-29990,-29990,-29990,-29990,-29991,-29990]} 1. d4 Nf6 2. Nf3 e6 3. c4 d5 4. Nc3 c5 5. cxd5 Nxd5 6. e4 Nxc3 7. bxc3 cxd4 8. cxd4 Bb4+ 9. Bd2 Bxd2+ 10. Qxd2 O-O 11. Bc4 b6 12. O-O {D41: Queen's Gambit Declined: Semi-Tarrasch with 5 cxd5} Nd7 13. d5 (13. Rad1 Bb7 14. Rfe1 Rc8 15. Bb3 Re8 16. h3 Nf6 17. Qf4 Nh5 18. Qe5 Nf6 19. Qf4 Nh5 20. Qh2 h6 21. d5 exd5 22. exd5 Rxe1+ 23. Nxe1 {½-½ (57) So,W (2799)-Kramnik,V (2800) Berlin 2018}) 13... Nc5 {LiveBook: 25 Games} 14. Qe3 {The position is equal.} exd5 $146 ({Predecessor:} 14... Bb7 15. Rfd1 exd5 16. Bxd5 Qe7 17. Bxb7 Qxb7 18. e5 Rad8 19. h3 h6 {½-½ (29) Panchyshyn,T (2128)-Melnichuk,M (2362) Novoyavorivsk 2013}) 15. Bxd5 Bb7 16. Rad1 Qe7 17. Nd4 Bxd5 18. exd5 Qxe3 19. fxe3 Rad8 20. Nc6 Rd7 $1 21. d6 f6 22. Rd4 Re8 23. Ne7+ Kf7 24. Rfd1 Ne6 25. R4d2 Nc5 26. Rd4 $1 Ke6 27. Kf2 Kf7 (27... Nb7 $15) 28. Kf3 Ne6 29. R4d2 Nc5 30. Rd4 Nb7 31. Nc6 Nc5 32. Ne7 Nb7 33. Nc6 Nd8 34. Ne7 Ne6 35. R4d2 Red8 36. Nc6 Rc8 37. Ne7 Rc5 {And now ...Ng5+ would win.} 38. h4 Rc4 39. g3 Nc5 40. Nf5 (40. Rd4 $15 Rxd4 41. Rxd4) 40... Ra4 (40... g6 $17 41. Rd4 Rxd4 42. exd4 Nb7) 41. g4 $15 g6 42. Ne7 Ne4 43. Rd4 Rxd4 44. Rxd4 Nxd6 {[%mdl 4096] Endgame KRN-KRN} 45. Nc6 Ke6 46. Nb4 Rc7 47. Nd5 Rc1 ({Better is} 47... Rc4 $17 48. Nf4+ Ke7 49. Nd5+ Ke6 50. Nf4+ Kd7) 48. Nf4+ $11 Kd7 49. Nd5 $1 Kc6 50. Ne7+ Kd7 51. Nd5 Nb5 52. Rd2 Ke6 53. Nf4+ Ke7 54. Nd5+ Kf7 55. Nf4 Rc7 56. a4 Nc3 57. Rc2 (57. Rd6 $15) 57... Rc5 58. Nd3 Rc4 59. Nb2 Rc5 60. Nd3 Rc7 ({Black should play} 60... Rc6 $17 61. h5 Rc4) 61. Nb4 (61. Nf4 $1 $11 {was the only way to keep the balance.}) 61... a5 62. Nd3 Nd5 63. Rb2 Rc3 64. Ke2 $2 {[%mdl 8192]} ({White has to play} 64. Ke4 $15) 64... Ra3 $19 65. Kd2 Rxa4 66. Rb5 Ra2+ ({Worse is} 66... Rxg4 67. Rxd5 Rxh4 68. Rd7+ Ke6 69. Rb7 $11) 67. Kc1 Ke6 $2 (67... Ra1+ $19 {and Black stays clearly on top.} 68. Kb2 {[#]} Rb1+ $1 {[%mdl 512]} 69. Kxb1 Nc3+ 70. Kc2 Nxb5) 68. e4 $17 Ne3 {Threatens to win with ...Nc4.} 69. Rxb6+ Ke7 {Strongly threatening ...Rc2+.} 70. Nf4 $2 {[%mdl 8192]} (70. Rb7+ $15 Kd8 71. Rxh7) 70... Rc2+ ({Weaker is} 70... Nxg4 71. Rb7+ Kd6 72. Rxh7 $17) (70... Ra1+ $142 71. Kb2 Rg1 72. Rb7+ Kd6) 71. Kb1 $19 Rc4 (71... Rf2 $19 72. Nd5+ Nxd5 73. exd5 Rf4 74. Re6+ Kd7) 72. Rb7+ $15 Kd6 {White must now prevent ...Ke5.} 73. Rb6+ $2 {[%mdl 8192]} (73. Rxh7 $15 g5 74. hxg5 Rb4+ 75. Ka2 Ra4+ 76. Kb3 Rb4+ 77. Kc3 Rxe4 78. gxf6) 73... Ke5 $19 74. Nd3+ Kxe4 75. Nf2+ Ke5 76. Nd3+ Kd4 77. Rd6+ Kc3 78. Nb2 Rb4 $4 {[%mdl 8192] [#]} (78... Rd4 $19 79. Rxf6 Rxg4) 79. Rc6+ $4 {[%mdl 8192]} (79. Rd3#) 79... Nc4 80. Ka1 Rxb2 81. Rxf6 {KRN-KR} Rg2 82. Rf3+ Kb4 {( -> ...Nd2)} 83. g5 Rh2 84. Rf4 a4 85. Rf7 Rxh4 86. Rb7+ Kc5 87. Rc7+ Kd4 88. Ra7 a3 89. Rd7+ Kc3 90. Ka2 Rh2+ 91. Ka1 Ne3 92. Rc7+ Kd3 93. Ra7 Ke4 94. Kb1 a2+ 95. Ka1 Kf5 96. Ra5+ Kg4 97. Ra4+ Kh5 98. Ra7 Rh1+ 99. Kxa2 Kxg5 100. Kb3 Nf5 101. Kc3 Kf4 (101... h5 $142 102. Ra2 h4 103. Kc4 h3 104. Ra3 Rc1+ 105. Kd5 h2 106. Rh3 h1=Q+ 107. Rxh1 Rxh1 108. Ke4 Rh4+ 109. Kd5 Kf4 110. Kc5 g5 111. Kc4 g4 112. Kd5 g3 113. Kc4 g2 114. Kc5 g1=Q+ 115. Kc4 Qd4+ 116. Kb3 Rh3+ 117. Ka2 Qf2+ 118. Kb1 Rh1#) 102. Kd3 h5 {Black mates.} 103. Ra4+ Kf3 104. Ra6 Rg1 105. Rf6 h4 106. Rf8 h3 107. Rh8 Kg2 108. Ke4 h2 109. Kf4 h1=Q 110. Rxh1 Kxh1 111. Ke5 Kh2 112. Kf6 Kh3 {[%mdl 32768] Precision: White = 43%, Black = 37%. . Sensor Board Error (Ke4/e5)?} 1-0

[Event "RUS-ch Blitz Women 2018"]
[Site "Sochi"]
[Date "2018.10.07"]
[Round "16"]
[White "Kashlinskaya, Alina"]
[Black "Vasilevich, Tatjana"]
[Result "1/2-1/2"]
[WhiteElo "2447"]
[BlackElo "2360"]
[Annotator "NA"]
[PlyCount "111"]
[EventDate "2018.10.07"]
[EventType "swiss"]
[EventCountry "RUS"]
[SourceTitle "playchess.com"]
[Source "ChessBase"]
[SourceQuality "1"]
[TimeControl "180+2"]

1. d4 {[%emt 0:00:00]} Nf6 {[%emt 0:00:00]} 2. c4 {[%emt 0:00:00]} e6 {[%emt 0:00:00]} 3. Nc3 {[%emt 0:00:00]} Bb4 {[%emt 0:00:00]} 4. e3 {[%emt 0:00:01]} O-O {[%emt 0:00:03]} 5. Bd3 {[%emt 0:00:00]} c5 {[%emt 0:00:02]} 6. Nf3 {[%emt 0:00:02]} d5 {[%emt 0:00:07]} 7. O-O {[%emt 0:00:02]} Bxc3 {[%emt 0:00:01]} 8. bxc3 {[%emt 0:00:01]} b6 {[%emt 0:00:08]} 9. cxd5 {[%emt 0:00:09]} exd5 {[%emt 0:00:01]} 10. Ne5 {[%emt 0:00:16]} Qc7 {[%emt 0:00:10]} 11. f4 {[%emt 0:00:06]} Nbd7 {[%emt 0:00:10]} 12. Bd2 {[%emt 0:00:01]} Bb7 {[%emt 0:00:02]} 13. Be1 {[%emt 0:00:02]} Ne4 {[%emt 0:00:08]} 14. Rc1 {[%emt 0:00:14]} f6 {[%emt 0:00:31]} 15. Nxd7 {[%emt 0:00:32]} Qxd7 {[%emt 0:00:01]} 16. Bxe4 {[%emt 0:00:01]} dxe4 {[%emt 0:00:01]} 17. c4 {[%emt 0:00:00]} cxd4 {[%emt 0:00:16]} 18. exd4 {[%emt 0:00:02]} Rfd8 {[%emt 0:00:05]} 19. d5 {[%emt 0:00:02]} b5 {[%emt 0:00:11]} 20. Ba5 {[%emt 0:00:06]} Rdc8 {[%emt 0:00:11]} 21. cxb5 {[%emt 0:00:07]} Qxb5 {[%emt 0:00:11]} 22. Qb3 {[%emt 0:00:48]} Qxb3 {[%emt 0:00:10]} 23. axb3 {[%emt 0:00:02]} Bxd5 {[%emt 0:00:01]} 24. b4 {[%emt 0:00:25]} Bc4 {[%emt 0:00:22]} 25. Rfe1 {[%emt 0:00:05]} Bd3 {[%emt 0:00:02]} 26. Kf2 {[%emt 0:00:03]} Kf7 {[%emt 0:00:07]} 27. Ke3 {[%emt 0:00:01]} Ke6 {[%emt 0:00:04]} 28. Rc5 {[%emt 0:00:08]} Rxc5 {[%emt 0:00:07]} 29. bxc5 Kd5 30. Rc1 {[%emt 0:00:02]} Rc8 {[%emt 0:00:08]} 31. Bb4 {[%emt 0:00:01]} Rb8 {[%emt 0:00:08]} 32. Bc3 {[%emt 0:00:29]} Rb5 {[%emt 0:00:15]} 33. Bd4 {[%emt 0:00:04]} Kc6 {[%emt 0:00:03]} 34. Ra1 {[%emt 0:00:05]} a5 {[%emt 0:00:07]} 35. Bc3 {[%emt 0:00:01]} Rxc5 {[%emt 0:00:05]} 36. Bxa5 {[%emt 0:00:01]} Rc2 {[%emt 0:00:04]} 37. Bd2 {[%emt 0:00:01]} Kb7 {[%emt 0:00:03]} 38. Rb1+ {[%emt 0:00:02]} Kc7 {[%emt 0:00:02]} 39. Rc1 {[%emt 0:00:00]} Rxc1 {[%emt 0:00:02]} 40. Bxc1 {[%emt 0:00:01]} Kd6 {[%emt 0:00:01]} 41. Ba3+ {[%emt 0:00:02]} Ke6 {[%emt 0:00:01]} 42. Bf8 {[%emt 0:00:01]} g6 {[%emt 0:00:01]} 43. g4 {[%emt 0:00:11]} h5 {[%emt 0:00:03]} 44. h3 {[%emt 0:00:02]} h4 {[%emt 0:00:03]} 45. Bb4 {[%emt 0:00:02]} g5 {[%emt 0:00:04]} 46. fxg5 {[%emt 0:00:04]} fxg5 {[%emt 0:00:00]} 47. Kf2 {[%emt 0:00:02]} Kf6 {[%emt 0:00:03]} 48. Bc3+ {[%emt 0:00:01]} Kg6 {[%emt 0:00:00]} 49. Bd2 {[%emt 0:00:01]} Bb5 {[%emt 0:00:03]} 50. Ke3 {[%emt 0:00:01]} Bc6 {[%emt 0:00:01]} 51. Kf2 {[%emt 0:00:01]} Bb7 {[%emt 0:00:02]} 52. Bc1 {[%emt 0:00:00]} Ba6 53. Bd2 {[%emt 0:00:01]} Bd3 {[%emt 0:00:04]} 54. Bc1 {[%emt 0:00:01]} Kf6 {[%emt 0:00:01]} 55. Bb2+ {[%emt 0:00:01]} Kg6 {[%emt 0:00:02]} 56. Bc1 {[%emt 0:00:00]} 1/2-1/2

[Event "RUS-ch Blitz Women 2018"]
[Site "Sochi"]
[Date "2018.10.07"]
[Round "16"]
[White "Shuvalova, Polina"]
[Black "Shaydullina, Sandugach"]
[Result "1-0"]
[WhiteElo "2421"]
[BlackElo "2033"]
[Annotator "RC"]
[PlyCount "61"]
[EventDate "2018.10.07"]
[EventType "swiss"]
[EventCountry "RUS"]
[SourceTitle "playchess.com"]
[Source "ChessBase"]
[SourceQuality "1"]
[TimeControl "180+2"]

1. e4 {[%emt 0:00:00]} c5 2. Nf3 Nc6 3. Bb5 g6 {[%emt 0:00:00]} 4. Bxc6 {[%emt 0:00:02]} dxc6 {[%emt 0:00:02]} 5. d3 {[%emt 0:00:02]} Bg7 {[%emt 0:00:01]} 6. h3 {[%emt 0:00:02]} e5 {[%emt 0:00:02]} 7. Nc3 {[%emt 0:00:04]} Nh6 {[%emt 0:00:02]} 8. Be3 {[%emt 0:00:02]} b6 {[%emt 0:00:00]} 9. Qd2 {[%emt 0:00:02]} Ng8 {[%emt 0:00:01]} 10. O-O {[%emt 0:00:03]} Ne7 {[%emt 0:00:02]} 11. a4 {[%emt 0:00:03]} a5 {[%emt 0:00:02]} 12. Nh2 {[%emt 0:00:06]} h5 {[%emt 0:00:02]} 13. Rae1 {[%emt 0:00:07]} Ba6 {[%emt 0:00:05]} 14. b3 {[%emt 0:00:02]} f6 {[%emt 0:00:11]} 15. Ne2 {[%emt 0:00:07]} g5 {[%emt 0:00:02]} 16. h4 {[%emt 0:00:17]} g4 {[%emt 0:00:03]} 17. f4 {[%emt 0:00:04]} Ng6 {[%emt 0:00:09]} 18. fxe5 {[%emt 0:00:12]} Nxe5 {[%emt 0:00:10]} 19. Ng3 {[%emt 0:00:08]} Bc8 {[%emt 0:00:03]} 20. Nf5 {[%emt 0:00:05]} Bxf5 {[%emt 0:00:02]} 21. Rxf5 {[%emt 0:00:02]} Qe7 {[%emt 0:00:11]} 22. Nf1 {[%emt 0:00:05]} Ng6 {[%emt 0:00:05]} 23. Qf2 {[%emt 0:00:11]} O-O-O {[%emt 0:00:09]} 24. Nd2 {[%emt 0:00:08]} Ne5 {[%emt 0:00:07]} 25. Nc4 {[%emt 0:00:05]} Nxc4 {[%emt 0:00:04]} 26. bxc4 {[%emt 0:00:01]} Kb7 {[%emt 0:00:07]} 27. Rb1 {[%emt 0:00:01]} Ka6 {[%emt 0:00:11]} 28. Rxb6+ {[%emt 0:00:05]} Ka7 {[%emt 0:00:03]} 29. Bxc5 {[%emt 0:00:02]} Qd7 {[%emt 0:00:07]} 30. Be3 {[%emt 0:00:07]} Rb8 {[%emt 0:00:06]} 31. Rxa5# {[%emt 0:00:01]} 1-0

[Event "RUS-ch Blitz Women 2018"]
[Site "Sochi"]
[Date "2018.10.07"]
[Round "16"]
[White "Bivol, Alina"]
[Black "Guseva, Marina"]
[Result "1-0"]
[WhiteElo "2403"]
[BlackElo "2292"]
[Annotator "NA"]
[PlyCount "89"]
[EventDate "2018.10.07"]
[EventType "swiss"]
[EventCountry "RUS"]
[SourceTitle "playchess.com"]
[Source "ChessBase"]
[SourceQuality "1"]
[TimeControl "180+2"]

1. Nf3 {[%emt 0:00:00]} d5 {[%emt 0:00:00]} 2. g3 {[%emt 0:00:00]} Bg4 {[%emt 0:00:00]} 3. Bg2 {[%emt 0:00:01]} Nd7 {[%emt 0:00:00]} 4. O-O {[%emt 0:00:03]} Ngf6 {[%emt 0:00:02]} 5. d3 {[%emt 0:00:01]} c6 {[%emt 0:00:00]} 6. h3 {[%emt 0:00:02]} Bh5 {[%emt 0:00:02]} 7. Qe1 {[%emt 0:00:01]} e5 {[%emt 0:00:05]} 8. e4 {[%emt 0:00:01]} dxe4 {[%emt 0:00:01]} 9. dxe4 {[%emt 0:00:01]} Bxf3 {[%emt 0:00:03]} 10. Bxf3 {[%emt 0:00:01]} Bc5 {[%emt 0:00:11]} 11. Bg2 {[%emt 0:00:02]} O-O {[%emt 0:00:02]} 12. Kh2 {[%emt 0:00:01]} Re8 {[%emt 0:00:01]} 13. a4 {[%emt 0:00:05]} Qc7 {[%emt 0:00:11]} 14. b4 {[%emt 0:00:03]} Bf8 {[%emt 0:00:06]} 15. Na3 {[%emt 0:00:17]} a5 {[%emt 0:00:04]} 16. b5 {[%emt 0:00:07]} Nc5 {[%emt 0:00:08]} 17. Bg5 {[%emt 0:00:14]} Nfd7 {[%emt 0:00:25]} 18. Nc4 {[%emt 0:00:01]} cxb5 {[%emt 0:00:04]} 19. axb5 {[%emt 0:00:02]} b6 {[%emt 0:00:07]} 20. Ne3 {[%emt 0:00:03]} Ne6 {[%emt 0:00:18]} 21. Nd5 {[%emt 0:00:20]} Qc4 {[%emt 0:00:23]} 22. Be3 {[%emt 0:00:06]} Bc5 {[%emt 0:00:08]} 23. Bxc5 {[%emt 0:00:04]} Qxc5 {[%emt 0:00:06]} 24. Qe3 {[%emt 0:00:26]} Qxe3 {[%emt 0:00:22]} 25. Nxe3 {[%emt 0:00:02]} Rec8 {[%emt 0:00:05]} 26. Rfd1 {[%emt 0:00:02]} Nd4 {[%emt 0:00:11]} 27. c4 {[%emt 0:00:24]} Kf8 {[%emt 0:00:10]} 28. f4 {[%emt 0:00:03]} f6 {[%emt 0:00:12]} 29. fxe5 {[%emt 0:00:05]} fxe5 {[%emt 0:00:01]} 30. Rf1+ {[%emt 0:00:05]} Kg8 {[%emt 0:00:13]} 31. h4 {[%emt 0:00:02]} Re8 {[%emt 0:00:04]} 32. Nd5 {[%emt 0:00:09]} Rab8 {[%emt 0:00:02]} 33. Rf2 {[%emt 0:00:19]} Nc5 {[%emt 0:00:02]} 34. g4 {[%emt 0:00:15]} Nce6 {[%emt 0:00:03]} 35. g5 {[%emt 0:00:04]} Red8 {[%emt 0:00:07]} 36. Bh3 {[%emt 0:00:03]} Nc5 {[%emt 0:00:02]} 37. Ne7+ {[%emt 0:00:06]} Kh8 {[%emt 0:00:01]} 38. Bg2 {[%emt 0:00:03]} Re8 {[%emt 0:00:03]} 39. Nd5 {[%emt 0:00:01]} Kg8 {[%emt 0:00:02]} 40. Raf1 {[%emt 0:00:05]} a4 {[%emt 0:00:02]} 41. h5 {[%emt 0:00:01]} a3 {[%emt 0:00:02]} 42. h6 {[%emt 0:00:03]} gxh6 {[%emt 0:00:03]} 43. gxh6 {[%emt 0:00:06]} Kh8 {[%emt 0:00:01]} 44. Rf7 {[%emt 0:00:03]} a2 {[%emt 0:00:02]} 45. Nf6 {[%emt 0:00:02]} 1-0

[Event "RUS-ch Blitz Women 2018"]
[Site "Sochi"]
[Date "2018.10.07"]
[Round "16"]
[White "Voit, Daria"]
[Black "Bodnaruk, Anastasia"]
[Result "0-1"]
[WhiteElo "2352"]
[BlackElo "2423"]
[Annotator "TA"]
[PlyCount "50"]
[EventDate "2018.10.07"]
[EventType "swiss"]
[EventCountry "RUS"]
[SourceTitle "playchess.com"]
[Source "ChessBase"]
[SourceQuality "1"]

{[%evp 15,50,22,23,16,17,-7,31,29,31,23,41,21,20,37,34,0,0,0,-8,14,85,0,0,0,0,-107,0,-779,-786,-784,-768,-752,-737,-1009,-987,-29988,-29989]} 1. Nf3 Nf6 2. c4 g6 3. g3 Bg7 4. Bg2 O-O 5. O-O d6 6. d4 Nc6 7. Nc3 a6 8. e3 Rb8 9. Qe2 {E63: King's Indian: Fianchetto: Panno Variation with 7...a6} b5 10. Nd2 (10. Rd1 e6 11. b3 bxc4 12. Qxc4 Nb4 13. a3 Nbd5 14. Ne2 Bd7 15. Qc2 Bb5 16. Re1 c5 {½-½ (48) Tomashevsky,E (2702)-Nakamura,H (2780) Palma de Mallorca 2017}) 10... Bd7 $146 ({Predecessor:} 10... Bg4 11. f3 Bc8 12. b3 d5 13. cxd5 Nxd5 14. Nxd5 Qxd5 15. Bb2 Bb7 16. Rac1 Rfd8 {1-0 (41) Arutinian,D (2591)-Zozulia,A (2328) Dresden 2007}) 11. cxb5 {White is slightly better.} axb5 12. Nxb5 Nb4 13. Nc3 c5 14. dxc5 dxc5 15. Nc4 (15. Rd1 {keeps more tension.} Qc8 16. e4 Bg4 17. f3 Be6 18. Nc4) 15... Bg4 $36 {[%mdl 2048] Black has the initiative.} 16. Bf3 Bxf3 17. Qxf3 Qc8 {[#]} (17... Qd3 $11 {remains equal.} 18. Qe2 Qxe2 19. Nxe2 Ne4) 18. a3 (18. b3 $1 $16) 18... Nc6 $11 19. Rd1 Qe6 20. Nd5 (20. Qe2 $11 {keeps the balance.}) 20... Nxd5 ({Black should play} 20... Ne4 $17 {White must now prevent ...Rfd8.} 21. Qe2 Rfd8) 21. Qxd5 $4 {[%mdl 8192]} (21. Rxd5 $11 Rbc8 22. Kg2) 21... Rfd8 $19 22. Qf3 Rxd1+ 23. Qxd1 Qxc4 24. a4 Rd8 25. Qf3 Ne5 {Precision: White = 34%, Black = 52%.} 0-1

[Event "RUS-ch Blitz Women 2018"]
[Site "Sochi"]
[Date "2018.10.07"]
[Round "16"]
[White "Charochkina, Daria"]
[Black "Vinokur, Yuliya"]
[Result "1-0"]
[WhiteElo "2344"]
[BlackElo "2170"]
[Annotator "NA"]
[PlyCount "53"]
[EventDate "2018.10.07"]
[EventType "swiss"]
[EventCountry "RUS"]
[SourceTitle "playchess.com"]
[Source "ChessBase"]
[SourceQuality "1"]
[TimeControl "180+2"]

1. d4 {[%emt 0:00:00]} d5 {[%emt 0:00:03]} 2. c4 {[%emt 0:00:00]} e6 {[%emt 0:00:01]} 3. Nc3 {[%emt 0:00:01]} c5 {[%emt 0:00:01]} 4. cxd5 {[%emt 0:00:02]} exd5 {[%emt 0:00:01]} 5. Nf3 {[%emt 0:00:02]} Nc6 {[%emt 0:00:01]} 6. g3 {[%emt 0:00:01]} Nf6 {[%emt 0:00:02]} 7. Bg2 {[%emt 0:00:01]} Be7 {[%emt 0:00:01]} 8. O-O {[%emt 0:00:01]} O-O {[%emt 0:00:01]} 9. Bg5 {[%emt 0:00:01]} c4 {[%emt 0:00:01]} 10. Rc1 {[%emt 0:00:43]} h6 {[%emt 0:00:06]} 11. Bf4 {[%emt 0:00:12]} Be6 {[%emt 0:00:12]} 12. Re1 {[%emt 0:00:06]} Qa5 {[%emt 0:00:06]} 13. a3 {[%emt 0:00:16]} b5 {[%emt 0:00:28]} 14. Ne5 {[%emt 0:00:04]} Qb6 {[%emt 0:00:34]} 15. Nxc6 {[%emt 0:00:12]} Qxc6 {[%emt 0:00:01]} 16. Be5 {[%emt 0:00:01]} Ne4 {[%emt 0:00:34]} 17. Bxe4 {[%emt 0:00:12]} dxe4 {[%emt 0:00:43]} 18. d5 {[%emt 0:00:01]} Qc5 {[%emt 0:00:00]} 19. Bd4 {[%emt 0:00:01]} Qd6 {[%emt 0:00:03]} 20. dxe6 {[%emt 0:00:02]} Qxe6 {[%emt 0:00:01]} 21. Nxb5 {[%emt 0:00:12]} Rad8 {[%emt 0:00:03]} 22. e3 {[%emt 0:00:13]} Qh3 {[%emt 0:00:09]} 23. Nc3 {[%emt 0:00:11]} Bf6 {[%emt 0:00:10]} 24. Qe2 {[%emt 0:00:04]} Bxd4 {[%emt 0:00:02]} 25. exd4 {[%emt 0:00:01]} Rxd4 {[%emt 0:00:01]} 26. Nxe4 {[%emt 0:00:10]} Rfd8 {[%emt 0:00:07]} 27. Rcd1 {[%emt 0:00:09]} 1-0

[Event "RUS-ch Blitz Women 2018"]
[Site "Sochi"]
[Date "2018.10.07"]
[Round "16"]
[White "Dordzhieva, Dinara"]
[Black "Ambartsumova, Karina"]
[Result "0-1"]
[WhiteElo "2340"]
[BlackElo "2379"]
[Annotator "NA"]
[PlyCount "88"]
[EventDate "2018.10.07"]
[EventType "swiss"]
[EventCountry "RUS"]
[SourceTitle "playchess.com"]
[Source "ChessBase"]
[SourceQuality "1"]
[TimeControl "180+2"]

1. Nf3 {[%emt 0:00:00]} Nf6 {[%emt 0:00:00]} 2. c4 {[%emt 0:00:00]} g6 {[%emt 0:00:03]} 3. g3 {[%emt 0:00:00]} Bg7 {[%emt 0:00:01]} 4. Bg2 {[%emt 0:00:01]} O-O {[%emt 0:00:01]} 5. O-O {[%emt 0:00:01]} d6 {[%emt 0:00:00]} 6. d4 {[%emt 0:00:01]} Nc6 {[%emt 0:00:02]} 7. Nc3 {[%emt 0:00:01]} Bf5 {[%emt 0:00:01]} 8. d5 {[%emt 0:00:02]} Na5 {[%emt 0:00:02]} 9. Nd4 {[%emt 0:00:04]} Bd7 {[%emt 0:00:01]} 10. b3 {[%emt 0:00:17]} c5 {[%emt 0:00:02]} 11. Nc2 {[%emt 0:00:00]} a6 {[%emt 0:00:03]} 12. Qd3 {[%emt 0:00:36]} Rb8 {[%emt 0:00:04]} 13. Rb1 {[%emt 0:00:06]} b5 {[%emt 0:00:06]} 14. Bd2 {[%emt 0:00:01]} b4 {[%emt 0:00:35]} 15. Nd1 {[%emt 0:00:03]} e6 {[%emt 0:00:01]} 16. e4 {[%emt 0:00:03]} exd5 {[%emt 0:00:04]} 17. Nde3 {[%emt 0:00:42]} d4 {[%emt 0:00:43]} 18. Nd1 {[%emt 0:00:01]} Nc6 {[%emt 0:00:06]} 19. f4 {[%emt 0:00:01]} Re8 {[%emt 0:00:03]} 20. Nf2 {[%emt 0:00:01]} a5 {[%emt 0:00:02]} 21. Rbe1 {[%emt 0:00:03]} Qc7 {[%emt 0:00:22]} 22. h3 {[%emt 0:00:01]} Ra8 {[%emt 0:00:09]} 23. g4 {[%emt 0:00:01]} a4 {[%emt 0:00:05]} 24. g5 {[%emt 0:01:03]} Nh5 {[%emt 0:00:01]} 25. Ng4 {[%emt 0:00:08]} axb3 26. axb3 {[%emt 0:00:01]} Ra2 {[%emt 0:00:16]} 27. Nh6+ {[%emt 0:00:01]} Bxh6 {[%emt 0:00:20]} 28. gxh6 {[%emt 0:00:01]} Qd8 {[%emt 0:00:01]} 29. e5 {[%emt 0:00:08]} dxe5 {[%emt 0:00:04]} 30. f5 {[%emt 0:00:19]} e4 {[%emt 0:00:09]} 31. Rxe4 {[%emt 0:00:08]} Ne5 {[%emt 0:00:02]} 32. Rxe5 {[%emt 0:00:03]} Rxe5 {[%emt 0:00:01]} 33. fxg6 {[%emt 0:00:01]} fxg6 {[%emt 0:00:07]} 34. Ne1 {[%emt 0:00:01]} Re8 {[%emt 0:00:10]} 35. Bd5+ {[%emt 0:00:00]} Be6 {[%emt 0:00:01]} 36. Bg2 {[%emt 0:00:01]} Ra7 37. Nf3 Rf7 {[%emt 0:00:09]} 38. Bg5 {[%emt 0:00:02]} Qc7 {[%emt 0:00:02]} 39. Re1 {[%emt 0:00:01]} Bd7 {[%emt 0:00:03]} 40. Ra1 {[%emt 0:00:04]} Bf5 {[%emt 0:00:02]} 41. Qd2 {[%emt 0:00:01]} Ng3 {[%emt 0:00:02]} 42. Nh4 {[%emt 0:00:05]} Ne4 {[%emt 0:00:01]} 43. Bxe4 {[%emt 0:00:06]} Bxe4 {[%emt 0:00:02]} 44. Qf2 {[%emt 0:00:05]} Rxf2 {[%emt 0:00:02]} 0-1